| 000 | 00604nam a22001937a 4500 | ||
|---|---|---|---|
| 003 | OSt | ||
| 005 | 20251002054711.0 | ||
| 008 | 251002b |||||||| |||| 00| 0 eng d | ||
| 020 | _a081180393 | ||
| 040 |
_aDWCL-Main lib _cOC |
||
| 082 | _aCirc. 641.42 B383g 1994 | ||
| 100 | _aBrenan, Georgeanne | ||
| 245 |
_aThe glass pantry: _b preserving seasonal flavors/ _cGeorgeanne Brennan |
||
| 260 |
_a San Francisco: _bChronicle Books, _cc1994. |
||
| 300 |
_a143 pages: _bcolor illustrations; _c25cm. |
||
| 504 | _aIncludes index | ||
| 650 | _a1. Canning and preserving | ||
| 942 |
_2ddc _cBK-CIRC _kCirc. _n0 |
||
| 999 |
_c4638 _d4638 |
||